000 00271nam a2200133Ia 4500
100 _aHerstein/ I.N.
942 _cBK
654 _aalgebra
245 _aAbstract algebra
260 _bMacmillan pub
_aNew York
_c1990
300 _a293
546 _aENGLISH
999 _c22572
_d22572